Československé pohostinství a cestovní ruch časopis pro veřejné stravování a cestovní ruch

Saved in:
Bibliographic Details
Format: Serial
Language:Czech
Published: Praha Merkur
Tags: Add Tag
No Tags, Be the first to tag this record!

MARC

LEADER 00000nas1a22000001 4500
001 s120613
005 20041019155346.2
041 0 |a cze 
044 |a CZ 
245 1 0 |a Československé pohostinství a cestovní ruch  |b časopis pro veřejné stravování a cestovní ruch 
264 1 |a Praha  |b Merkur